Catalog

Record Details

Catalog Search



Kmotr Mrázek : [tajný život šéfa českého podsvětí]  Cover Image Book Book

Kmotr Mrázek : [tajný život šéfa českého podsvětí] / Jaroslav Kmenta

Record details

  • ISBN: 978-80-903603-4-1
  • ISBN: 978-80-87569-19-1
  • ISBN: 978-80-903603-5-8
  • Physical Description: 174 s., xxxii s. obr. příl. : il., portréty, faksim. ; 22 cm
  • Edition: Vyd. 3. [i.e. Vyd. 2.]
  • Publisher: Praha : JKM, 2007

Content descriptions

General Note:
Vročení v tiráži: 2008
Část nákladu distribuována v roce 2010 a 2013 v limitované edici spolu s dalšími 2 díly v krabici se souborným ISBN a názvem Kmotr Mrázek - trilogie, v roce 2013 též název Příběh kmotra : nový film na motivy knih Jaroslava Kmenty; jednotlivé sv. mají různá označení vyd.: [I.] díl 2. vyd., II. díl. 1. vyd. III. díl 1. vyd.
Subject: Mrázek, František, 1958-2006
podnikatelé > Česko > 20.-21. století
ekonomická kriminalita > Česko > 20. století
organizovaná kriminalita > Česko > 20. století
korupce > Česko > 20. století
businessmen > Czechia > 20th-21st centuries
commercial crime > Czechia > 20th century
organized crime > Czechia > 20th century
corrupt practices > Czechia > 20th century
Česko > společnost a politika > 20. století
Czechia > society and politics > 20th century
Genre: literatura faktu
non-fiction

Available copies

  • 1 of 1 copy available at Common Catalog SPOK.

Holds

  • 0 current holds with 1 total copy.
Show Only Available Copies
Location Call Number / Copy Notes Barcode Shelving Location Status Due Date
The Jewish community of Prague K 2687 4638300821 K - Beletrie Available -

LDR 02781nam a2200601 a 4500
00152928
003CZ-PrJAB
00520170406160437.0
007ta
008100419s2007 xr acfhe 000 1dcze
015 . ‡acnb002095973
020 . ‡a978-80-903603-4-1 ‡q(soubor 2010)
020 . ‡a978-80-87569-19-1 ‡q(soubor 2013)
020 . ‡a978-80-903603-5-8 ‡q(v knize neuvedeno ; ‡qváz.) ‡z978-80-903603-1-0
035 . ‡a(CZ PrNK)nkc20102095973
035 . ‡a(OCoLC)614296773
040 . ‡aABA001 ‡bcze
043 . ‡ae-xr---
045 . ‡ax8y0
072 7. ‡a343.9 ‡xKriminalistika ‡2Konspekt ‡916
080 . ‡a658.114-051 ‡2MRF
080 . ‡a343.37 ‡2MRF
080 . ‡a343.9.02 ‡2MRF
080 . ‡a328.185 ‡2MRF
080 . ‡a343.611 ‡2MRF
080 . ‡a323 ‡2MRF
080 . ‡a(437.3) ‡2MRF
080 . ‡a(0:82-96) ‡2MRF
1001 . ‡aKmenta, Jaroslav, ‡d1969- ‡7jn20000401361 ‡4aut
24510. ‡aKmotr Mrázek : ‡b[tajný život šéfa českého podsvětí] / ‡cJaroslav Kmenta
250 . ‡aVyd. 3. [i.e. Vyd. 2.]
260 . ‡aPraha : ‡bJKM, ‡c2007
300 . ‡a174 s., xxxii s. obr. příl. : ‡bil., portréty, faksim. ; ‡c22 cm
500 . ‡aVročení v tiráži: 2008
500 . ‡aČást nákladu distribuována v roce 2010 a 2013 v limitované edici spolu s dalšími 2 díly v krabici se souborným ISBN a názvem Kmotr Mrázek - trilogie, v roce 2013 též název Příběh kmotra : nový film na motivy knih Jaroslava Kmenty; jednotlivé sv. mají různá označení vyd.: [I.] díl 2. vyd., II. díl. 1. vyd. III. díl 1. vyd.
60017. ‡aMrázek, František, ‡d1958-2006 ‡7xx0070751 ‡2czenas
648 4. ‡a1989-2000
65007. ‡apodnikatelé ‡7ph124163 ‡zČesko ‡y20.-21. století ‡2czenas
65007. ‡aekonomická kriminalita ‡7ph120818 ‡zČesko ‡y20. století ‡2czenas
65007. ‡aorganizovaná kriminalita ‡7ph115605 ‡zČesko ‡y20. století ‡2czenas
65007. ‡akorupce ‡7ph121881 ‡zČesko ‡y20. století ‡2czenas
65009. ‡abusinessmen ‡zCzechia ‡y20th-21st centuries ‡2eczenas
65009. ‡acommercial crime ‡zCzechia ‡y20th century ‡2eczenas
65009. ‡aorganized crime ‡zCzechia ‡y20th century ‡2eczenas
65009. ‡acorrupt practices ‡zCzechia ‡y20th century ‡2eczenas
651 7. ‡aČesko ‡7ge128065 ‡xspolečnost a politika ‡y20. století ‡2czenas
651 9. ‡aCzechia ‡xsociety and politics ‡y20th century ‡2eczenas
655 7. ‡aliteratura faktu ‡7fd132773 ‡2czenas
655 9. ‡anon-fiction ‡2eczenas
74002. ‡aPříběh kmotra
74002. ‡aKmotr Mrázek - trilogie
910 . ‡aABE461
995 . ‡aska
901 . ‡a52928 ‡bAUTOGEN ‡c52928 ‡tbiblio

Additional Resources